The Modern management tools in theory and practice of global business

10 najpoužívanejších nástrojov v manažmente a riadení. Riadenie vzťahov so zákazníkmi, benchmarking, strategické plánovanie, outsourcing, manažment dodávateľských sietí, zmien, segmentácia zákazníkov a iné podľa prieskumu Management Tools & Trends 2015.

Salvato in:
Dettagli Bibliografici
Autore principale: Čambalíková, Andrea, 1990-
Altri autori: Szabo, Ľuboslav
Natura: Capitolo di libro
Lingua:inglese
Soggetti:
Tags: Aggiungi Tag
Nessun Tag, puoi essere il primo ad aggiungerne!!

MARC

LEADER 00000nla a2200000 4500
001 0213044
005 20240502073538.9
041 0 |a eng 
044 |a SK 
245 1 0 |a The Modern management tools in theory and practice of global business  |c Andrea Čambalíková, Ľuboslav Szabo 
520 |a 10 najpoužívanejších nástrojov v manažmente a riadení. Riadenie vzťahov so zákazníkmi, benchmarking, strategické plánovanie, outsourcing, manažment dodávateľských sietí, zmien, segmentácia zákazníkov a iné podľa prieskumu Management Tools & Trends 2015. 
610 2 0 |a manažéri 
610 2 0 |a nástroje riadenia 
100 1 |a Čambalíková, Andrea, 1990- 
700 1 |a Szabo, Ľuboslav